Developing consultation skills /

Bewaard in:
Bibliografische gegevens
Hoofdauteur: Parsons, Richard D.
Andere auteurs: Meyers, Joel
Formaat: Boek
Taal:English
Gepubliceerd in: San Francisco : Jossey-Bass Publishers, 1984.
Editie:1st ed.
Reeks:Jossey-Bass social and behavioral science series
Onderwerpen:
LEADER 01295nam a2200337 a 4500
001 c000020136
003 CARM
005 19930930000000.0
008 840314s1984 caua b 001 0 eng
010 |a 84005744 //r92 
019 1 |a 3132652  |z 12433887  |5 LACONCORD2021 
020 |a 0875896057 (alk. paper) 
035 |a (OCoLC)10605925  |5 LACONCORD2021 
040 |a LC  |b eng  |c LC  |d AK 
050 0 0 |a RC455.2.C65  |b P37 1984 
082 0 0 |a 616.89  |2 19 
100 1 |a Parsons, Richard D. 
245 1 0 |a Developing consultation skills /  |c Richard Dean Parsons, Joel Meyers. 
250 |a 1st ed. 
260 |a San Francisco :  |b Jossey-Bass Publishers,  |c 1984. 
300 |a xxii, 257 p. :  |b ill. ;  |c 24 cm. 
440 0 |a Jossey-Bass social and behavioral science series 
500 |a "A guide to training, development, and assessment for human services professionals"--Half-title p. 
500 |a Includes index. 
504 |a Bibliography: p. 233-245. 
650 0 |a Psychiatric consultation. 
650 0 |a Mental illness  |x Prevention. 
700 1 |a Meyers, Joel. 
852 8 |b CARM  |h A2:AI01E0  |i C04179  |p 0125014  |f BK 
999 f f |i ddbda930-0cc3-5517-a64c-8573b99d2960  |s 953222d5-3cff-553c-9b58-7df5543f081d 
952 f f |p Can circulate  |a CAVAL  |b CAVAL  |c CAVAL  |d CARM 1 Store  |e C04179  |f A2:AI01E0  |h Other scheme  |i book  |m 0125014